书目信息 |
| 题名: |
计算机图形学
|
|
| 作者: | 孙家广 编著 | |
| 分册: | ||
| 出版信息: | 北京 清华大学出版社 1998.09 |
|
| 页数: | 594页 | |
| 开本: | 16开 | |
| 丛书名: | ||
| 单 册: | ||
| 中图分类: | TP391.41 | |
| 科图分类: | ||
| 主题词: | 计算机应用 | |
| 电子资源: | ||
| ISBN: | 7-302-03082-0 | |
| 000 | 00551nam0 2200193 45 | |
| 001 | 0005251513 | |
| 005 | 20060530090016.76 | |
| 010 | @a7-302-03082-0@d39.00元 | |
| 100 | @a20000525d1998 km y0chiy0120 ea | |
| 101 | @achi | |
| 200 | 1 | @a计算机图形学@AJi Suan Ji Tu Xing Xue@f孙家广等编著@FSun Jia Guang Deng Bian Zhu |
| 205 | @a第三版 | |
| 210 | @a北京@c清华大学出版社@d1998.09 | |
| 215 | @a594页@d16开 | |
| 606 | 0 | @a计算机应用 |
| 690 | @aTP391.41@v3 | |
| 701 | @a孙家广@4编著 | |
| 801 | @aCN@bPftUser@c20060530 | |
| 905 | @dTP391.41@eS269@b60195-198@f4 | |
| 计算机图形学/孙家广等编著.-第三版.-北京:清华大学出版社,1998.09 |
| 594页;16开 |
| ISBN 7-302-03082-0:39.00元 |
| ● |
| 相关链接 |
|
|
|
正题名:计算机图形学
索取号:TP391.41/S269
 
预约/预借
| 序号 | 登录号 | 条形码 | 馆藏地/架位号 | 状态 | 备注 |
| 1 | 60195 | 200601955 | 自科二线504/504自科库 4排2列4层/ [索取号:TP391.41/S269] | 在馆 | |
| 2 | 60196 | 200601964 | 自科二线504/504自科库 4排2列4层/ [索取号:TP391.41/S269] | 在馆 | |
| 3 | 60197 | 200601973 | 自科二线504/504自科库 4排2列4层/ [索取号:TP391.41/S269] | 在馆 | |
| 4 | 60198 | 200601982 | 自科二线504/504自科库 15排1列3层/ [索取号:TP391.41/S269] | 在馆 | |
| 5 | 603720 | 206037206 | 期刊室512/301自科库 91排1列5层/ [索取号:TP391.41/S269] | 在馆 | |
| 6 | 603721 | 206037215 | 自科库301/ [索取号:TP391.41/S269] | 在馆 |